Reframing Organizations / Artistry, Choice, and Leadership (Record no. 2144)
[ view plain ]
| 000 -LEADER | |
|---|---|
| fixed length control field | 01352cam a22002294a 4500 |
| 005 - ΗΜΕΡΟΜΗΝΙΑ ΚΑΙ ΩΡΑ ΤΕΛΕΥΤΑΙΑΣ ΕΝΗΜΕΡΩΣΗΣ | |
| Πεδίο ελέγχου | 20250605164032.0 |
| 008 - FIXED-LENGTH DATA ELEMENTS--GENERAL INFORMATION | |
| Πεδίο ελέγχου σταθερού μήκους | 250528s ||||||||||||||||||||||||d |
| 035 ## - SYSTEM CONTROL NUMBER | |
| System control number | 16669 |
| 020 ## - ISBN | |
| ISBN | 787964263 |
| 040 ## - ΠΗΓΗ ΚΑΤΑΛΟΓΟΓΡΑΦΗΣΗΣ | |
| Φορέας πρωτότυπης καταλογογράφησης | MC Athens Campus Library |
| Γλώσσα καταλογογράφησης | Ελληνικά, Μοντέρνα (1453-) |
| Modifying agency | MC Athens Campus Library |
| Κανόνες περιγραφικής καταλογογράφησης | AACR2 |
| 245 1# - ΤΙΤΛΟΣ ΚΑΙ ΔΗΛΩΣΗ ΥΠΕΥΘΥΝΟΤΗΤΑΣ | |
| Τίτλος | Reframing Organizations / Artistry, Choice, and Leadership |
| 250 ## - EDITION STATEMENT | |
| Edition statement | 3rd |
| 260 ## - PUBLICATION, DISTRIBUTION, ETC. | |
| Name of publisher, distributor, etc. | Jossey-Bass Publishers, |
| Date of publication, distribution, etc. | 2003 |
| 300 ## - PHYSICAL DESCRIPTION | |
| Extent | 484 |
| 505 0# - FORMATTED CONTENTS NOTE | |
| Formatted contents note | Making Sense of Organizations, The Structural Frame, Structures and Restructuring, The Human Resource Frame, Interpersonal and Group Dynamics, The Political Frame, The Manager as Politician, The Symbolic Frame, Organization as Theatre, Improving Leadership Practice, Reframing Leadership, Refraiming Ethics and Spirit, The Best Organizational Studies: Scholars' Hits and Popular Best Sellers. |
| 520 ## - SUMMARY, ETC. | |
| Summary, etc. | Making Sense of Organizations, The Structural Frame, Structures and Restructuring, The Human Resource Frame, Interpersonal and Group Dynamics, The Political Frame, The Manager as Politician, The Symbolic Frame, Organization as Theatre, Improving Leadership Practice, Reframing Leadership, Refraiming Ethics and Spirit, The Best Organizational Studies: Scholars' Hits and Popular Best Sellers. |
| 700 1# - ΠΡΟΣΘΕΤΗ ΑΝΑΓΡΑΦΗ--ΦΥΣΙΚΟ ΠΡΟΣΩΠΟ | |
| Personal name | Bolman Lee G. |
| 9 (RLIN) | 2758 |
| 700 1# - ΠΡΟΣΘΕΤΗ ΑΝΑΓΡΑΦΗ--ΦΥΣΙΚΟ ΠΡΟΣΩΠΟ | |
| Personal name | Deal Terrence E |
| 9 (RLIN) | 2759 |
| 942 ## - ADDED ENTRY ELEMENTS (KOHA) | |
| Koha item type | Books |
| Τύπος τεκμηρίου | Βιβλιοθήκη | Τρέχουσα τοποθεσία | Barcode | Αριθμός εισαγωγής | Ημερομηνία απόκτησης | Ταξιθετικό σύμβολο | Αριθμός αντιτύπου | Κατάσταση απόσυρσης | Κατάσταση χαμένου | Κατάσταση κατεστραμμένου | Μη δανεισμός | Σύνολο δανεισμών | Ημερομηνία τελευταίας εμφάνισης | Η τιμή ισχύει από |
|---|---|---|---|---|---|---|---|---|---|---|---|---|---|---|
| Books | MC Athens Campus Library | MC Athens Campus Library | 9780000021434 | 4870 | 05/06/2025 | 658.4/063 BOL | 1 | 05/06/2025 | 05/06/2025 |